[Event "Titled Tuesday intern op 23rd Jan Late"]
[Site "Chess.com INT"]
[Date "2024.01.23"]
[Round "7"]
[White "Goryachkina, Aleksandra"]
[Black "Golubev, Mikhail"]
[Result "0-1"]
[WhiteElo "2553"]
[BlackElo "2461"]
[PlyCount "62"]
[EventDate "2024.01.23"]
[EventType "swiss (blitz)"]
[EventRounds "11"]
[EventCountry "USA"]
[SourceTitle "CB05_2024"]
[SourceDate "2024.01.31"]
[SourceVersion "1"]
[SourceVersionDate "2024.01.31"]
[SourceQuality "1"]

1. e4 c5 2. Nf3 d6 3. d4 cxd4 4. Nxd4 Nf6 5. Nc3 g6 6. Be2 Bg7 7. 0-0 0-0 8. Be3 Nc6 9. f3 Bd7 10. Qd2 a6 11. a4 Rc8 12. Nxc6 Rxc6 13. a5 Qc8 14. Bd4 Be6 15. Kh1 Bc4 16. Bd3 Rd8 17. Rfd1 Bxd3 18. cxd3 Qe6 19. Bxf6 Bxf6 20. d4 Rc4 21. Nd5 Bxd4 22. Qd3 Rdc8 23. Qb3 Qd7 24. e5 Bxe5 25. Nb6 Qe6 26. Nxc4 Rxc4 27. Qxb7 Rh4 28. h3 Bf4 29. Ra4 Rxh3+ 30. gxh3 Qxh3+ 31. Kg1 Be3# 0-1

[Event "Titled Tuesday intern op 23rd Jan Late"]
[Site "Chess.com INT"]
[Date "2024.01.23"]
[Round "6"]
[White "Gurevich, Dmitry"]
[Black "Goryachkina, Aleksandra"]
[Result "1/2-1/2"]
[WhiteElo "2374"]
[BlackElo "2553"]
[PlyCount "84"]
[EventDate "2024.01.23"]
[EventType "swiss (blitz)"]
[EventRounds "11"]
[EventCountry "USA"]
[SourceTitle "CB05_2024"]
[SourceDate "2024.01.31"]
[SourceVersion "1"]
[SourceVersionDate "2024.01.31"]
[SourceQuality "1"]

1. d4 Nf6 2. c4 e6 3. Nf3 d5 4. Nc3 Nbd7 5. cxd5 exd5 6. Bf4 c6 7. e3 Be7 8. Bd3 0-0 9. 0-0 Re8 10. h3 Nf8 11. Rb1 a5 12. a3 Ne6 13. Bh2 g6 14. Ne5 Ng7 15. b4 axb4 16. axb4 Bf5 17. b5 c5 18. dxc5 Bxc5 19. Bxf5 Nxf5 20. Na4 Bd6 21. Nf3 Bxh2+ 22. Kxh2 Re4 23. Nb2 d4 24. exd4 Nxd4 25. Kh1 Qd7 26. Nc4 Rd8 27. Ne3 Kg7 28. Nxd4 Qxd4 29. Qf3 Qe5 30. Rbd1 Rxd1 31. Rxd1 b6 32. Kg1 Rd4 33. Rxd4 Qxd4 34. Qc6 Ne4 35. Qc4 Qxc4 36. Nxc4 Nc3 37. Nxb6 Nxb5 38. Nc4 Nc3 39. Ne3 Ne4 40. f3 Nd6 41. Kf2 h5 42. h4 Kf6 1/2-1/2

[Event "Titled Tuesday intern op 23rd Jan Late"]
[Site "Chess.com INT"]
[Date "2024.01.23"]
[Round "11"]
[White "Sanchez Alvares, Kelvin Antonio"]
[Black "Goryachkina, Aleksandra"]
[Result "1/2-1/2"]
[WhiteElo "2246"]
[BlackElo "2553"]
[PlyCount "186"]
[EventDate "2024.01.23"]
[EventType "swiss (blitz)"]
[EventRounds "11"]
[EventCountry "USA"]
[SourceTitle "CB05_2024"]
[SourceDate "2024.01.31"]
[SourceVersion "1"]
[SourceVersionDate "2024.01.31"]
[SourceQuality "1"]

1. e4 c5 2. Nf3 e6 3. d4 cxd4 4. Nxd4 Nc6 5. Nc3 Bc5 6. Nb3 Bb4 7. Bd2 Nf6 8. Bd3 0-0 9. Qe2 a5 10. a3 Be7 11. e5 Ne8 12. a4 Nb4 13. 0-0 Nxd3 14. Qxd3 d5 15. Nd4 Qc7 16. Rfe1 Bd7 17. Ndb5 Qd8 18. Ne2 Nc7 19. Ned4 Nxb5 20. axb5 a4 21. f4 Bc5 22. Be3 Qb6 23. c3 Bxd4 24. Bxd4 Qxb5 25. Qxb5 Bxb5 26. Bc5 Rfc8 27. Bb4 h6 28. Rad1 Rc4 29. g3 Rac8 30. Rd2 d4 31. Rxd4 Rxd4 32. cxd4 Rc2 33. Ba3 Rd2 34. Rc1 Bc6 35. Kf1 Rxh2 36. Rc3 Kh7 37. Kg1 Rg2+ 38. Kf1 Rd2 39. Ke1 Rxd4 40. Ke2 Kg6 41. Bc5 Re4+ 42. Kf2 Kf5 43. Rd3 Kg4 44. Bf8 g5 45. Bxh6 Rb4 46. Rd2 Rb3 47. Bxg5 Rf3+ 48. Ke2 Rxg3 49. Kd1 Be4 50. Rd4 Rg1+ 51. Kd2 Rg2+ 52. Ke3 Bc6 53. Rb4 Kf5 54. Kd4 Rd2+ 55. Kc5 Rd3 56. Kb6 Rb3 57. Kc5 Rxb4 58. Kxb4 Ke4 59. Kc3 Kd5 60. Bh6 Ke4 61. Bg5 Bd5 62. Kb4 Bb3 63. Bh6 Kd3 64. Bg5 Kc2 65. Ka3 b5 66. Be7 Kc1 67. Bd6 Kd2 68. Be7 Kd3 69. Bg5 Kc4 70. Be7 Bc2 71. Bf8 Bg6 72. Be7 Bh5 73. Bf8 Bg4 74. Be7 Bf3 75. Bd6 Bd5 76. Be7 Kd3 77. Bg5 Ke4 78. Bh6 Bc4 79. Bg5 Kf5 80. Bh6 Kg6 81. Bg5 f5 82. Bh4 Kh5 83. Bg5 Kg4 84. Bh6 Kf3 85. Bg5 Ke3 86. Bh6 Kd2 87. Bg5 Bd3 88. Bh6 Kc2 89. Bf8 Bc4 90. Be7 Bb3 91. Bf8 Bc4 92. Be7 Bb3 93. Bf8 Bc4 1/2-1/2